Micro-Controller Based Multi Size bottle Filling Machine with Data Acquisition (Record no. 33017)
[ view plain ]
| 000 -LEADER | |
|---|---|
| fixed length control field | 00523nam a2200133Ia 4500 |
| 008 - FIXED-LENGTH DATA ELEMENTS--GENERAL INFORMATION | |
| fixed length control field | 260210s9999 xx 000 0 und d |
| 024 ## - OTHER STANDARD IDENTIFIER | |
| Standard number or code | 08B-128-EE, 08B-131-EE, 08B-144-EE & 08B-162-EE |
| 082 ## - DEWEY DECIMAL CLASSIFICATION NUMBER | |
| Classification number | 629.892072 SHA |
| 100 ## - MAIN ENTRY--PERSONAL NAME | |
| Personal name | Shazli Bin Shaique, Moazzam Adil Khan, Muhammad Fahad & Talha Iqbal Mughal |
| 245 #0 - TITLE STATEMENT | |
| Title | Micro-Controller Based Multi Size bottle Filling Machine with Data Acquisition |
| 260 ## - PUBLICATION, DISTRIBUTION, ETC. | |
| Place of publication, distribution, etc. | Karachi: |
| Name of publisher, distributor, etc. | UITU, |
| Date of publication, distribution, etc. | 2008 |
| 600 ## - SUBJECT ADDED ENTRY--PERSONAL NAME | |
| Personal name | Electronic Engineering |
| 650 ## - SUBJECT ADDED ENTRY--TOPICAL TERM | |
| Topical term or geographic name entry element | Bachelor of Engineering (BE) |
No items available.

